|
|
|
|
| LEADER |
00000naa2a2200000 4500 |
| 001 |
387508 |
| 005 |
20231101063621.0 |
| 035 |
|
|
|a (RuTPU)RU\TPU\prd\17237
|
| 090 |
|
|
|a 387508
|
| 100 |
|
|
|a 20030911a2003 k y0rusy50 ca
|
| 101 |
0 |
|
|a rus
|
| 102 |
|
|
|a RU
|
| 200 |
1 |
|
|a Использование метода магнитной памяти металла для ранней диагностики повреждений оборудования химического производства
|f А. Г. Танасиенко, С. И. Сунцов, А. А. Дубов
|
| 225 |
1 |
|
|a Нефтегазопромысловое оборудование
|
| 320 |
|
|
|a Библиогр.: 4 назв.
|
| 461 |
|
1 |
|0 (RuTPU)RU\TPU\prd\1638
|x 0028-2448
|t Нефтяное хозяйство
|o научно-технический производственный журнал
|d 1925-1940, 1946-
|
| 463 |
|
1 |
|0 (RuTPU)RU\TPU\prd\16246
|t № 6
|v С. 90-92
|d 2003
|
| 610 |
1 |
|
|a метод магнитной памяти
|
| 610 |
1 |
|
|a химическая промышленность
|
| 610 |
1 |
|
|a диагностика
|
| 610 |
1 |
|
|a металл
|
| 610 |
1 |
|
|a оборудование
|
| 675 |
|
|
|a 620.1
|v 3
|
| 700 |
|
1 |
|a Танасиенко
|b А. Г.
|
| 701 |
|
1 |
|a Сунцов
|b С. И.
|
| 701 |
|
1 |
|a Дубов
|b А. А.
|
| 801 |
|
1 |
|a RU
|b 63413507
|c 20030911
|g PSBO
|
| 801 |
|
2 |
|a RU
|b 63413507
|c 20131028
|g RCR
|
| 942 |
|
|
|c BK
|